000 00987nac a22002651i 4500
003 EG-ScBUE
005 20240522141928.0
008 240522s1965 njub f b 000 0 eng d
035 _a(OCoLC)260226
040 _aEG-ScBUE
_beng
_erda
_cEG-ScBUE
_dEG-ScBUE
082 0 4 _a956.05
_bHAL
_222
100 1 _aHalpern, Manfred,
_eauthor.
245 1 4 _aThe politics of social change in the Middle East and North Africa /
_cby Manfred Halpern, consultant to the Rand Corporation.
264 1 _aPrinceton, New Jersey :
_bPrinceton University Press,
_c1965.
300 _axxv, 431 pages :
_bColor maps ;
_c24 cm
336 _2rdacontent
_atext
_btxt
337 _aunmediated
_2rdamedia
_bn
338 _avolume
_bnc
_2rdacarrier
504 _aIncludes bibliographical references.
651 7 _aMiddle East
_xSocial conditions.
_2BUEsh
651 7 _aMiddle East
_xPolitics and government.
_2BUEsh
655 _vReading book
942 _cBB
_2ddc
999 _c1852
_d1852